Statistiques concernant Les films avec James Bond

Cliquez ici pour prendre le quiz!

Statistiques générales

  • Ce quiz a été pris 7,296 fois
    (6,105 depuis la dernière actualisation)
  • Le résultat moyen est 12 sur 24

Statistiques - réponses

Année Star Titre % Correct
2006Daniel CraigCasino Royale
87%
2012Daniel CraigSkyfall
78%
1995Pierce BrosnanGoldeneye
70%
1962Sean ConneryJames Bond 007 contre Dr. No
69%
1997Pierce BrosnanDemain ne meurt jamais
69%
2015Daniel CraigSpectre
67%
2008Daniel CraigQuantum of Solace
62%
1964Sean ConneryGoldfinger
62%
2002Pierce BrosnanMeurs un autre jour
55%
1963Sean ConneryBons baisers de Russie
49%
1983Roger MooreOctopussy
48%
1989Timothy DaltonPermis de tuer
44%
1979Roger MooreMoonraker
43%
1971Sean ConneryLes diamants sont éternels
42%
1974Roger MooreL'Homme au pistolet d'or
40%
1999Pierce BrosnanLe monde ne suffit pas
37%
1977Roger MooreL'Espion qui m'aimait
35%
1969George LazenbyAu service secret de Sa Majesté
33%
1973Roger MooreVivre et laisser mourir
30%
1965Sean ConneryOpération Tonnerre
30%
1987Timothy DaltonTuer n'est pas jouer
30%
1981Roger MooreRien que pour vos yeux
30%
1967Sean ConneryOn ne vit que deux fois
29%
1985Roger MooreDangereusement vôtre
22%

Distribution des résultats

Percentile par nombre de réponses

% des personnes avec chaque résultat

Votre développement - résultats

Vous n’avez pas pris ce quiz depuis la dernière actualisation